000 00516nam a2200193Ia 4500
005 20250923144904.0
008 008 250917s9999 xx 000 0 eng d
037 _aTextual
040 _aDSWL
_beng
_cDSWL
041 _aeng
_2eng
084 _aW8.7p1,N49, J1
_qDSWL
245 4 _aThe task of peace making
260 _aCalcutta
_bWorld Pacifist Meeting C
_c1951
300 _axix,81p.
365 _aINR
_b6.50
925 _g6.50
942 _cTEXL
_hW8.7p1,N49, J1
999 _c1444617
_d1444617